Max Bill (Record no. 186207)

MARC details
000 -LEADER
campo de control de longitud fija 01093nam a2200253 i 4500
001 - NÚMERO DE CONTROL
campo de control 186207
003 - IDENTIFICADOR DE NÚMERO DE CONTROL
campo de control SpMaBN
005 - FECHA Y HORA DE LA ÚLTIMA TRANSACCIÓN
campo de control 20251014063301.0
008 - DATOS DE LONGITUD FIJA--INFORMACIÓN GENERAL
campo de control de longitud fija 160919s2015 sp a c |||| |dspa d
020 ## - NÚMERO INTERNACIONAL ESTÁNDAR DEL LIBRO
Número Internacional Estándar del Libro 978-84-7075-631-3
080 ## - NÚMERO DE LA CLASIFICACIÓN DECIMAL UNIVERSAL
Número de la Clasificación Decimal Universal 76 Bill, Max (083.824)
100 1# - ENTRADA PRINCIPAL--NOMBRE DE PERSONA
Nombre de persona Bill, Max,
Fechas asociadas al nombre 1908-1994
9 (RLIN) 160912
245 10 - MENCIÓN DEL TÍTULO
Título Max Bill
Resto del título : [exposición] Fundación Juan March, Madrid, del 16 de octubre de 2015 al 17 de enero de 2016 /
Mención de responsabilidad, etc. Manuel Fontán del Junco, María Toledo (eds.) ; textos de Max Bill, Jakob Bill, Karin Gimmi ... [et al.].
260 ## - PUBLICACIÓN, DISTRIBUCIÓN, ETC.
Lugar de publicación, distribución, etc. Madrid :
Nombre del editor, distribuidor, etc. Fundación Juan March,
Fecha de publicación, distribución, etc. [2015]
300 ## - DESCRIPCIÓN FÍSICA
Extensión 329 p. (1 h. pleg.) :
Otras características físicas principalmente il. col., fot. ;
Dimensiones 27 x 24 cm.
504 ## - NOTA DE BIBLIOGRAFÍA, ETC.
Nota de bibliografía, etc. Bibliografía: p. 303-317.
600 17 - PUNTO DE ACCESO ADICIONAL DE MATERIA--NOMBRE DE PERSONA
Nombre de persona Bill, Max,
Fechas asociadas al nombre 1908-1994-
Subdivisión de forma Exposiciones
Fuente del encabezamiento o término
9 (RLIN) 160913
655 #7 - TERMINO DE INDIZACIÓN--GENERO/FORMA
Datos o término principal de género/forma Catálogos de exposiciones
Fuente del término tgfbne
9 (RLIN) 193628
700 1# - ENTRADA AGREGADA--NOMBRE PERSONAL
Nombre de persona Fontán del Junco, Manuel,
Fechas asociadas al nombre 1963-
9 (RLIN) 226485
710 2# - ENTRADA AGREGADA--NOMBRE DE ENTIDAD CORPORATIVA
Nombre de entidad corporativa o nombre de jurisdicción como elemento de entrada Fundación Juan March
9 (RLIN) 4346
852 ## - LOCALIZACIÓN
Ubicación ES-MaACL
Número de control de estantería A-13787
itemnumber 193262
Sublocalización o colección R.151008
Ubicación en estantería Depósito 1
Signatura antigua Olim: N-6787
Encuadernación - enc. cart.
942 ## - ELEMENTOS DE ENTRADA SECUNDARIOS (KOHA)
Fuente del sistema de clasificación o colocación Clasificación decimal universal
Holdings
Estatus retirado Estado de pérdida Fuente del sistema de clasificación o colocación Estado de daño No para préstamo Biblioteca de origen Biblioteca actual Ubicación en estantería Fecha de adquisición Fuente de adquisición Total de préstamos Signatura topográfica completa Código de barras Visto por última vez Precio de reemplazo Tipo de ítem Koha
    Clasificación decimal universal     Biblioteca del Ateneo de Madrid Biblioteca del Ateneo de Madrid Depósito 1 19/09/2016 Donación   A-13787 1196321 23/02/2023 23/02/2023 Libro impreso